Statistics for All-Time Florida Panthers

Click here to take the quiz!

General Stats

  • This quiz has been taken 6 times
  • The average score is 4 of 13

Answer Stats

Position Answer % Correct
Starting GoalieLuongo
80%
2nd Line RWBarkov
80%
1st Line LWBure
60%
1st Line CHuberdeau
60%
1st Line RWJágr
40%
Backup GoalieVanbiesbrouck
20%
1st Line DBouwmeester
20%
CoachGallant
20%
2nd Line DLaus
20%
2nd LIne CNiedermayer
0%
1st Line DŠpaček
0%
2nd Line LWHorton
0%
2nd Line DŠvehla
0%

Score Distribution

Percentile by Number Answered

Percent of People with Each Score

Your Score History

You have not taken this quiz